Tìm hiểu luật Nghĩa vụ quân sự (Sửa đổi) : Luật sĩ quan quân đội nhân dân Việt Nam
Cuốn sách gồm các nội dung chính sau: Phần thứ nhất: Luật sửa đổi, bổ sung một số điều của Luật Sĩ quan Quân đội nhân dân Việt Nam; Phần thứ hai: Chế độ chính sách với quân nhân, công nhân viên chức quốc phòng; Phần thứ ba: Các quy đ...
Đã lưu trong:
| Institution som forfatter: | |
|---|---|
| Format: | Bog |
| Sprog: | Undetermined |
| Udgivet: |
Hà Nội
Lao động
2015
|
| Fag: | |
| Tags: |
Tilføj Tag
Ingen Tags, Vær først til at tagge denne postø!
|
| Thư viện lưu trữ: | Trung tâm Học liệu Trường Đại học Cần Thơ |
|---|
| LEADER | 01817nam a2200241Ia 4500 | ||
|---|---|---|---|
| 001 | CTU_203871 | ||
| 008 | 210402s9999 xx 000 0 und d | ||
| 020 | |c 335000 | ||
| 082 | |a 343.59701 | ||
| 082 | |b V308 | ||
| 110 | |a Việt Nam (Cộng hòa Xã hội Chủ nghĩa) | ||
| 245 | 0 | |a Tìm hiểu luật Nghĩa vụ quân sự (Sửa đổi) : | |
| 245 | 0 | |b Luật sĩ quan quân đội nhân dân Việt Nam | |
| 245 | 0 | |c Việt Nam (Cộng hòa Xã hội Chủ nghĩa) ; Quang Minh (hệ thống) | |
| 260 | |a Hà Nội | ||
| 260 | |b Lao động | ||
| 260 | |c 2015 | ||
| 520 | |a Cuốn sách gồm các nội dung chính sau: Phần thứ nhất: Luật sửa đổi, bổ sung một số điều của Luật Sĩ quan Quân đội nhân dân Việt Nam; Phần thứ hai: Chế độ chính sách với quân nhân, công nhân viên chức quốc phòng; Phần thứ ba: Các quy định về tổ chức hoạt động trong quân đội; Phần thứ tư: Giải quyết tố cáo, thi hành án dân sự trong Quân đội nhân dân; Phần thứ năm: Khen thưởng, xử phát hành chính trong lĩnh vực quốc phòng; Phần thứ sáu: Hướng dẫn thực hiện quy chế khu vực biên giới đất liền; Phần thứ bảy: Luật Nghĩa vụ quân sự (sửa đổi) | ||
| 650 | |a Constitutions, state,Civil rights,Hiến pháp, nhà nước,Quyền công dân | ||
| 650 | |x Constitutional law,Luật Hiến pháp | ||
| 650 | |z Vietnam,Vietnam,Việt Nam,Việt Nam | ||
| 904 | |i Tuyến | ||
| 980 | |a Trung tâm Học liệu Trường Đại học Cần Thơ | ||